Statistics for De La Soul Discography

Click here to take the quiz!

General Stats

  • This quiz has been taken 13 times
  • The average score is 6 of 19

Answer Stats

YearNameType% Correct
19893 Feet High and RisingAlbum
100%
1991De La Soul Is DeadAlbum
80%
1996Stakes Is HighAlbum
80%
1993Buhloone MindstateAlbum
60%
2004The Grind DateAlbum
50%
2016and the Anonymous Nobody...Album
40%
2001AOI: BionixAlbum
30%
2000Art Official Intelligence: Mosaic ThumpAlbum
30%
2014Smell the Da.I.S.Y.Mixtape
20%
2003The Best of De La SoulCompilation
20%
2009Are You In?: Nike+ Original RunMixtape
10%
1994Clear Lake AuditoriumEP
10%
2004Days OffEP
10%
2004De La Mix Tape: Remixes, Rarities & ClassicsCompilation
10%
2016For Your Pain & SufferingEP
10%
2006Hip-Hop MixtapeMixtape
10%
2004Live at Tramps, NYC, 1996Live Album
10%
2006The Impossible: Mission TV Series - Pt. 1Compilation
10%
2003Timeless: The Singles CollectionCompilation
10%

Score Distribution

Percentile by Number Answered

Percent of People with Each Score

Your Score History

You have not taken this quiz